000 00605nam a22001817a 4500
003 BUBTL
008 180910b xxu||||| |||| 00| 0 eng d
020 _a978-984-90183-9-1
082 _a954.92MAB
100 _91756
_a মামুন, মুনতাসীর
245 _aবাংলাদেশি জেনারেলদের মন/
260 _aঢাকা :
_bসময় প্রকাশন,
_cc2013.
300 _a687 p. :
_c22 cm.
650 0 _91755
_aমুক্তিযুদ্ধ
856 _k0
_l0
_yDownload
942 _2ddc
_cBK
999 _c5789
_d5789